| 000 | 00419nam a2200169Ia 4500 | ||
|---|---|---|---|
| 008 | 170705s9999 xx 000 0 und d | ||
| 020 | _a9780439753807 | ||
| 245 | _aSurprising sharks / | ||
| 245 | _cNicolas Davies ; illustrated by James Croft. | ||
| 260 | _aNew York : | ||
| 260 | _bScholastic, | ||
| 260 | _c2003 | ||
| 300 | _a29 pages : | ||
| 300 | _bcolor illustration ; | ||
| 300 | _c26cm. | ||
| 500 | _a710 | ||
| 999 |
_c336108 _d336108 |
||